| 000 | 05172nam a22005177a 4500 | ||
|---|---|---|---|
| 005 | 20080929101452.0 | ||
| 008 | 080929t xxu||||| |||| 00| 0chin d | ||
| 010 | _aHIN-92176 B-451156-171 | ||
| 020 |
_a9789380405155 _c250.00 |
||
| 035 | _aHN-64522 B-451156-171 | ||
| 037 | _bDBAD / PUB | ||
| 037 | _bके.के. पब्लिकेशंस | ||
| 040 |
_aDPL _bHN |
||
| 082 | _aक | ||
| 100 | _926640 | ||
| 245 |
_aलेव टॉल्सटॉय की औपन्यासिक कहानियाँ / _cरतनलाल मिश्र द्रारा अनुदित |
||
| 246 |
_aLav Tolstoy ki Opniysik Kahaniya _bTra by Ratan lal Mishra |
||
| 260 |
_aजयपुर _bग्रथ विकास _c2011 |
||
| 270 |
_aसी-37 राजापार्क, आरदर्श नगर, _bजयपुर |
||
| 300 |
_a180 पृ. _c22सेमी (सजिल्द) |
||
| 650 |
_9697 _aलघु कथाएं, हिन्दी |
||
| 650 |
_926793 _aHindi Fiction |
||
| 650 | _926674 | ||
| 650 | _9698 | ||
| 700 |
_926643 _aमिश्र, रतनलाल |
||
| 710 | _926662 | ||
| 942 |
_2ddc _cHN _hक _mलेवटॉ |
||
| 999 |
_c51269 _d51269 |
||